Taller de prácticas fiscales 2013 : ISR, IETU, IVA, IDE, IMSS, INFONAVIT /
Contiene: 1) Impuestos sobre la renta; 2) Impuesto Empresarial a Tasa Unica; 3) Impuesto a los Depósitos en Efectivo; 4) Impuesto al Valor Agregado; 5) IMSS; 6) INFONAVIT; 7) Diversos.
保存先:
| 第一著者: | |
|---|---|
| その他の著者: | , |
| フォーマット: | 図書 |
| 言語: | スペイン語 |
| 出版事項: |
México :
Tax,
2013, c2013
|
| 版: | 25a edición |
| 主題: | |
| タグ: |
タグなし, このレコードへの初めてのタグを付けませんか!
|
MARC
| LEADER | 00000nam^a2200000^a^4500 | ||
|---|---|---|---|
| 001 | 000331170 | ||
| 005 | 20250521000000.0 | ||
| 009 | 20260310114026.086 | ||
| 020 | |a 978-607-440-473-9 | ||
| 037 | |a Acervo ITESO - Biblioteca | ||
| 041 | |a ESP | ||
| 082 | |a 657. 46 |b PER | ||
| 100 | |a Pérez Chávez, José |e (autor) | ||
| 240 | 1 | 1 | |a [Taller de prácticas fiscales] |
| 245 | 1 | 0 | |a Taller de prácticas fiscales 2013 : |b ISR, IETU, IVA, IDE, IMSS, INFONAVIT / |c J. Pérez Chávez, E. Campero Guerrero, R. Fol Olguín. |
| 250 | |a 25a edición | ||
| 264 | 4 | |a México : |b Tax, |c 2013, c2013 | |
| 300 | |a 942 p. | ||
| 336 | |a texto |b txt |2 rdacontenido | ||
| 337 | |a sin mediación |b n |2 rdamedio | ||
| 338 | |a volumen |b nc |2 rdasoporte | ||
| 520 | |a Contiene: 1) Impuestos sobre la renta; 2) Impuesto Empresarial a Tasa Unica; 3) Impuesto a los Depósitos en Efectivo; 4) Impuesto al Valor Agregado; 5) IMSS; 6) INFONAVIT; 7) Diversos. | ||
| 521 | |a 2013 BO Licenciatura en Contaduría y Gobierno Corporativo | ||
| 649 | |a XX | ||
| 650 | |a Impuestos - |z México | ||
| 650 | |a Seguridad Social - |z México - |x Aspectos Jurídicos | ||
| 650 | |a Sueldos y Salarios - |z México - |x Aspectos Jurídicos | ||
| 650 | |a Derecho Fiscal - |z México - |x Tema Principal | ||
| 650 | |a Derecho Financiero - |z México | ||
| 650 | |a Derecho Público - |z México | ||
| 650 | |a Contabilidad Fiscal - |x Tema Principal | ||
| 650 | |a Contabilidad | ||
| 650 | |a Ciencias Administrativas | ||
| 650 | |a México - |x Condiciones Jurídicas | ||
| 700 | |a Campero Guerrero, Eladio |e (autor) | ||
| 700 | |a Fol Olguín, Raymundo |e (autor) | ||
| 910 | |a Fondo General | ||
| 920 | |a Impresos - Libros | ||
| 930 | |a Colección General | ||
| 905 | |a 101 | ||
| 901 | |a 0500220398 |b IT1 |c ACC |i C136739 |u 20250521 | ||
| 901 | |a 0500220298 |b IT1 |c ACC |i C136737 |u 20250521 | ||
| 901 | |a 0500220295 |b IT1 |c ACC |u 20250521 | ||
| 901 | |a 0500220292 |b IT1 |c ACC |i C136736 |u 20250521 | ||
| 901 | |a 0500221763 |b IT1 |c ACC |i C137283 |u 20250521 | ||
| 902 | |a https://opac.biblio.iteso.mx/vufind/Record/000331170 | ||